Nam hoa kinh
Phân tích bình luận các bài viết trong các tập Kinh "Nội thiên, Ngoại thiên, Tạp thiên". Các học thuyết, tư tưởng triết học trong các bài kinh
保存先:
| 第一著者: | |
|---|---|
| フォーマット: | 図書 |
| 言語: | Undetermined |
| 出版事項: |
Hà Nội
Lao động
2011
|
| 主題: | |
| タグ: |
タグ追加
タグなし, このレコードへの初めてのタグを付けませんか!
|
| Thư viện lưu trữ: | Trung tâm Học liệu Trường Đại học Cần Thơ |
|---|
| LEADER | 00869nam a2200205Ia 4500 | ||
|---|---|---|---|
| 001 | CTU_176166 | ||
| 008 | 210402s9999 xx 000 0 und d | ||
| 020 | |c 60000 | ||
| 082 | |a 181.11 | ||
| 082 | |b Tr106 | ||
| 100 | |a Trang Tử | ||
| 245 | 0 | |a Nam hoa kinh | |
| 245 | 0 | |c Trang Tử ; Bản dịch và lời bàn của Nhượng Tống ; Tựa, tổng luận và lời giải của Lâm Tây Trọng | |
| 260 | |a Hà Nội | ||
| 260 | |b Lao động | ||
| 260 | |c 2011 | ||
| 520 | |a Phân tích bình luận các bài viết trong các tập Kinh "Nội thiên, Ngoại thiên, Tạp thiên". Các học thuyết, tư tưởng triết học trong các bài kinh | ||
| 650 | |a Philosophy, chinese,Triết học, Trung Quốc | ||
| 904 | |i Hải | ||
| 980 | |a Trung tâm Học liệu Trường Đại học Cần Thơ | ||